000 00615nam a22002297a 4500
005 20251108164045.0
008 250721s1997 xx 000 0 ara d
020 _a9775822025
082 1 4 _a808.066/جمل
100 1 _aالجمل، سمير
245 1 0 _aفن الأدب التلفيزيوني /
264 1 _aالمينا :
_bدار الهدى،
_c1997.
300 _a227ص.
650 1 7 _aالكتابة
650 1 7 _aالفنون
650 1 7 _aالدراما
650 1 7 _aالتلفزيون
650 1 7 _aالأسلوب الأدبي
650 1 7 _aالمسرح
942 _2ddc
_cBK
999 _c2536
_d2536